000 00483nam a2200181Ia 4500
005 20250326124627.0
008 250326s9999 xx 000 0 und d
037 _aTextbook
040 _aFMSL
_beng
_cFMSL
041 _aeng
_2eng
084 _aX:8:9 L1
_qFMSL
100 _aKoontz H
_9328988
245 0 _aApparaising mannagers as managers
_cKoontz H
260 _aNY
_bNY, McGraw-Hill
_c1971
300 _a240p
942 _cTB
_hX:8:9 L1
999 _c1274466
_d1274466